| 000 | 02523cam a2200361 i 4500 | ||
|---|---|---|---|
| 999 |
_c129928 _d129928 |
||
| 001 | 20596107 | ||
| 003 | ARRUPE | ||
| 005 | 20191016103903.0 | ||
| 008 | 180710s2018 nyua b 001 0 eng c | ||
| 010 | _a 2018030942 | ||
| 020 | _a9780525521464 | ||
| 040 |
_aLBSOR/DLC _beng _cLBSOR _erda _dDLC |
||
| 042 | _apcc | ||
| 050 | 0 | 0 |
_aBL60 _b.M23 2018 |
| 082 | 0 | 0 |
_a200.9 _223 |
| 100 | 1 |
_aMacGregor, Neil, _d1946- _eauthor. _948372 |
|
| 245 | 1 | 0 |
_aLiving with the gods : _bon beliefs and peoples / _cNeil MacGregor. |
| 250 | _aFirst United States edition. | ||
| 260 |
_aUnited Kingdom _bAllen Lane _c2018 |
||
| 300 |
_axxiii, 488 pages : _bchiefly color illustrations ; _c24 cm |
||
| 500 | _a"This is a Borzoi Book published by Alfred A. Knopf." | ||
| 500 | _a"Originally published in Great Britain by Allen Lane, and imprint of Penguin Books, London." | ||
| 504 | _aIncludes bibliographical references and index. | ||
| 505 | 0 | _aOur place in the pattern -- Fire and state -- Water of life and death -- The return of the light -- Harvest and homage -- Powers earthly and divine -- Thy kingdom come -- Turning the screw -- "There is no God!" -- Living with each other. | |
| 520 | _a"Until fairly recently, religion as a major influence on the nature of individual societies around the world seemed to be on the wane. Now, far from being marginalized, the relationship between faith and society has moved to the center of politics and global conversation. Neil MacGregor's new book traces the ways in which different societies have understood and articulated their places in the cosmic scheme. It examines mankind's beliefs not from the perspective of institutional religions but according to how shared narratives have shaped societies--and what happens when different narratives run up against each other. As he did in A History of the World in 100 Objects and Germany: Memories of a Nation, MacGregor brilliantly combines objects, places, and ideas to examine and, ultimately, illuminate these pressing contemporary concerns"-- | ||
| 650 | 0 |
_aReligion and sociology. _948373 |
|
| 650 | 0 |
_aMythology. _915384 |
|
| 650 | 0 |
_aCivilization. _948374 |
|
| 776 | 0 | 8 |
_iOnline version: _aMacGregor, Neil, 1946- author. _tLiving with the gods _bFirst United States edition. _dNew York : Alfred A. Knopf, 2018 _z9780525521471 _w(DLC) 2018035812 |
| 906 |
_a7 _bcbc _corignew _d1 _eecip _f20 _gy-gencatlg |
||
| 942 |
_2lcc _cMONOGRAPH |
||